| 000 | 01242nam a2200313 i 4500 | ||
|---|---|---|---|
| 003 | EG-GICUC | ||
| 005 | 20260121101355.0 | ||
| 008 | 251128s2000 ua d|||fr|||| 00| 0 ara d | ||
| 040 |
_a EG-GICUC _bara _c EG-GICUC _d EG-GICUC _erda |
||
| 041 | 0 | _aara | |
| 082 | 0 | 4 |
_221 _a345.3121 _bن هـ . ض |
| 092 | 0 | 4 | _221 |
| 099 | _aLaw1 07 345.3121 ن هـ . ض 2000 | ||
| 100 | 0 |
_aنهى الخطيب _eمؤلف. |
|
| 245 | 1 | 2 |
_aالضبط الإداري البيئي / _cد. نهى الخطيب. |
| 264 | 1 |
_aالقاهرة : _bمركز دراسات واستشارات الإدارة العامة، _c2000. |
|
| 300 |
_a243 صفحة : _bإيضاحيات؛ _c24 سم. |
||
| 336 |
_2rda content _atext |
||
| 337 |
_2rda media _aComputer |
||
| 338 |
_2rda carrier _aOnline Resource |
||
| 490 |
_aأوراق غير دورية _vالعدد الحادي عشر |
||
| 504 | _a. 243-235ببليوجرافيا: صفحات | ||
| 546 | _aالنص أغلبه باللغة العربية مع بعض النصوص الإنجليزية | ||
| 650 | 1 | 4 | _aالضبط الإداري البيئي |
| 650 | 1 | 4 | _aالقانون الإداري |
| 856 | 4 | 0 | _uhttps://fll.law.cu.edu.eg/fulltext/bks/B07-00998.pdf |
| 905 |
_a32 _eYara |
||
| 942 |
_2ddc _cBK _e21 _n0 |
||
| 999 |
_c46674 _d46674 |
||